| 000 | 00450nam a22001697a 4500 | ||
|---|---|---|---|
| 003 | CEME | ||
| 005 | 20210628203411.0 | ||
| 008 | 210121b xxu||||| |||| 00| 0 eng d | ||
| 040 | _cceme | ||
| 082 | _a954.91 DIL | ||
| 100 |
_aDil , Nawaz Dil _965203 |
||
| 245 | _aSub say pahlaay pakistan | ||
| 260 |
_aLAHORE _bAL-TEHREER _c2004 |
||
| 300 | _a320P | ||
| 650 |
_aPAKISTAN-GEOGRAPHICAL HISTORY.PAKISTAN-POLITICAL HISTORY _965204 |
||
| 942 |
_cBK _2ddc |
||
| 999 |
_c573488 _d573488 |
||